书目信息 |
| 书名: | Strategies in learning and using a second language = | |
| 作者: | Andrew D. Cohen著 ; 文秋芳导读. | |
| 分册号: | ||
| 分册名: | 出版地: | 北京 : |
|
| 出版社: | 外语教学与研究出版社 | |
| 出版时间: | 2000. | |
| 页数: | 45, 300 p. ; | |
| 开本: | 23 cm. | |
| 丛书名: | 当代国外语言学与应用语言学文库 | |
| 中图分类号: | ||
| 科图分类号: | ||
| 其他分类号: | H09 | |
| 主题词: | ||
| 电子资源: | ||
| 000 | 01923cam a2200733 a 4500 | |
| 001 | E0738106363 | |
| 003 | CAL | |
| 005 | 20070819103617.45 | |
| 008 | 030325s2000 cc rb 001 0 eng d | |
| 020 | @a7560019455 :@cCNY28.90. | |
| 040 | @aECNU@cECN | |
| 050 | 4 | @aP118.2@b.C64 1998 |
| 082 | 04 | @a418/.007@221 |
| 090 | @aH09 | |
| 093 | @aH09@24 | |
| 099 | @dH09@ex36 | |
| 100 | 1 | @aCohen, Andrew D. |
| 245 | 10 | @aStrategies in learning and using a second language = :@b学习和运用第二语言的策略 / @cAndrew D. Cohen著 ; 文秋芳导读. |
| 246 | 31 | @a学习和运用第二语言的策略 |
| 260 | @a北京 :@b外语教学与研究出版社,@c2000. | |
| 300 | @a45, 300 p. ;@c23 cm. | |
| 440 | 0 | @a当代国外语言学与应用语言学文库 |
| 500 | @aReprint. Originally published: London : Longman, 1998. | |
| 504 | @aIncludes bibliographical references (p. [269]-288) and index. | |
| 650 | 0 | @aSecond language acquisition. |
| 650 | 0 | @aLanguage and languages@xStudy and teaching. |
| 700 | 1 | @a文秋芳 |
| 920 | @a231220@z2 | |
| 920 | @a232010@z1 | |
| 920 | @a211030@z2 | |
| 920 | @a231010@z1 | |
| 920 | @a243160@z2 | |
| 920 | @a242020@z2 | |
| 920 | @a244050@z2 | |
| 920 | @a211010@z1 | |
| 920 | @a242120@z1 | |
| 920 | @a212010@z2 | |
| 920 | @a211410@z1 | |
| 920 | @a237010@z2 | |
| 920 | @a231280@z2 | |
| 920 | @a211050@z2 | |
| 920 | @a237385@z2 | |
| 920 | @a211260@z1 | |
| 920 | @a211060@z1 | |
| 920 | @a211162@z1 | |
| 920 | @a246060@z0 | |
| 920 | @a251430@z2 | |
| 920 | @a246010@z1 | |
| 920 | @a222220@z1 | |
| 920 | @a236010@z2 | |
| 920 | @a241061@z1 | |
| 920 | @a221060@z1 | |
| 920 | @a223140@z1 | |
| 920 | @a211180@z2 | |
| 920 | @a211270@z1 | |
| 920 | @a222020@z2 | |
| 920 | @a211340@z1 | |
| 920 | @a242250@z2 | |
| 920 | @a246040@z1 | |
| 920 | @a242010@z1 | |
| 920 | @a261020@z1 | |
| 920 | @a244020@z2 | |
| 920 | @a214010@z2 | |
| 998 | @aECN | |
| Strategies in learning and using a second language = : : 学习和运用第二语言的策略 / / Andrew D. Cohen著 ; 文秋芳导读.-北京 : : 外语教学与研究出版社, , 2000. |
| 45, 300 p. ; ; 23 cm.- (当代国外语言学与应用语言学文库) |
| Reprint. Originally published: London : Longman, 1998.-Includes bibliographical references (p. [269]-288) and index. |
| ISBN 7560019455 :CNY28.90. |
| ● |
| 相关链接 |
|
|
|
|
正题名:Strategies in learning and using a second language =
索取号:H09/x36
 
预约/预借
| 序号 | 登录号 | 条形码 | 馆藏地/架位号 | 状态 | 备注 |
| 1 | 16948 | 300169485 | 第二样本阅览室/ [索取号:H09/x36] | 在馆 | |
| 2 | 16949 | 300169494 | 第四借阅区/ [索取号:H09/x36] | 在馆 | |
| 3 | 16950 | 300169500 | 第四借阅区/ [索取号:H09/x36] | 在馆 | |
| 4 | 16951 | 300169519 | 第四借阅区/ [索取号:H09/x36] | 在馆 | |
| 5 | 16952 | 300169528 | 第四借阅区/ [索取号:H09/x36] | 在馆 |